[Event "DVM U16 2007"]
[Site "Uelzen GER"]
[Date "2007.12.29"]
[Round "6"]
[White "Paris, Grigori"]
[Black "Heistermann, Till"]
[Result "1/2-1/2"]
[Termination "normal"]
[Board "6.3"]
[WhiteElo "1442"]
[BlackElo "1700"]
[WhiteTeam "TuS Makkabi Berlin"]
[BlackTeam "SC Leipzig-Gohlis"]
[PlyCount "87"]
[WhiteFideId "24651303"]
[EventCountry "GER"]
[EventRounds "7"]
[EventType "team-swiss"]
[EventDate "2007.12.26"]

1. e4 c5 2. Nf3 e6 3. d4 cxd4 4. Nxd4 a6 5. Bd3 Qc7 6. O-O Nf6 7. Kh1 d6 8. Nc3
b5 9. a3 Bb7 10. f4 Nbd7 11. Qf3 Be7 12. Bd2 Nc5 13. Rae1 Nxd3 14. cxd3 h5 15.
Rc1 Qd7 16. Qg3 g6 17. Nce2 h4 18. Qf3 Rc8 19. Bc3 Qd8 20. h3 Kd7 21. Qe3 Qb6
22. f5 e5 23. Nc2 Qxe3 24. Nxe3 g5 25. Bd2 Rxc1 26. Rxc1 Rc8 27. Ng4 Nxg4 28.
hxg4 Rxc1+ 29. Bxc1 d5 30. Nc3 dxe4 31. dxe4 f6 32. Be3 b4 33. axb4 Bxb4 34.
Kh2 Bxc3 35. bxc3 Bxe4 36. g3 hxg3+ 37. Kxg3 a5 38. Bc5 a4 39. Kf2 Bd3 40. Ke3
Bc4 41. Kd2 Bb3 42. Bb4 Bc4 43. Ke3 Ba2 44. Kd3 1/2-1/2

[Event "DVM U16 2007"]
[Site "Uelzen GER"]
[Date "2007.12.29"]
[Round "6"]
[White "Ohme, Markus"]
[Black "Sawlin, Leonid"]
[Result "0-1"]
[Termination "normal"]
[Board "6.4"]
[WhiteElo "1239"]
[BlackElo "1520"]
[WhiteTeam "SC Leipzig-Gohlis"]
[BlackTeam "TuS Makkabi Berlin"]
[PlyCount "82"]
[BlackFideId "4689542"]
[EventCountry "GER"]
[EventRounds "7"]
[EventType "team-swiss"]
[EventDate "2007.12.26"]

1. e4 d6 2. d4 Nf6 3. Nc3 g6 4. Nf3 Bg7 5. Bc4 O-O 6. Qe2 c6 7. Bg5 b5 8. Bd3
h6 9. Bd2 Qb6 10. O-O Bg4 11. h3 Bxf3 12. Qxf3 Qxd4 13. Be3 Qb4 14. Rab1 Nbd7
15. a3 Qa5 16. Rbd1 a6 17. Rfe1 c5 18. Qg3 Nh5 19. Qg4 Ne5 20. Qe2 c4 21. Qd2
cxd3 22. cxd3 Kh7 23. f4 Nc6 24. Qf2 Qd8 25. d4 Na5 26. f5 Nc4 27. Nd5 e6 28.
Nf4 Nxe3 29. Rxe3 Nxf4 30. Qxf4 Qb6 31. Red3 e5 32. Qf2 exd4 33. f6 Bh8 34.
Rxd4 Rae8 35. Qf4 Re6 36. Kh1 Rxf6 37. Qg3 Re6 38. Rxd6 Rxd6 39. Rxd6 Qc7 40.
Kh2 Re8 41. Rxg6 Be5 0-1

[Event "DVM U16 2007"]
[Site "Uelzen GER"]
[Date "2007.12.29"]
[Round "6"]
[White "Grzonka, Raphael"]
[Black "Neukötter, Max"]
[Result "0-1"]
[Termination "normal"]
[Board "7.1"]
[WhiteElo "1827"]
[BlackElo "1936"]
[WhiteTeam "Brackweder SK"]
[BlackTeam "SF Paderborn"]
[PlyCount "98"]
[WhiteFideId "4623304"]
[BlackFideId "24648108"]
[EventCountry "GER"]
[EventRounds "7"]
[EventType "team-swiss"]
[EventDate "2007.12.26"]

1. e4 c5 2. Nf3 Nc6 3. d4 cxd4 4. Nxd4 g6 5. c4 Bg7 6. Nc2 Nf6 7. Nc3 d6 8. Be2
Be6 9. O-O O-O 10. Bd2 Nd7 11. Rb1 Rc8 12. Nd5 Nc5 13. f3 f5 14. b4 Nd7 15. Nf4
Bf7 16. exf5 gxf5 17. Bd3 Nce5 18. Bxf5 Nxc4 19. Ne6 Bxe6 20. Bxe6+ Kh8 21. Bg5
Rc7 22. Re1 Nf6 23. Qe2 Nb6 24. Nd4 Nfd5 25. Nb5 Nc3 26. Nxc3 Bxc3 27. Red1 Be5
28. Qe4 Na4 29. Bd2 Nc3 30. Bxc3 Bxc3 31. Rd5 Bg7 32. Rh5 h6 33. Qh4 Rf6 34.
Re1 Rc3 35. Rg5 Qb6+ 36. Kh1 Re3 37. Rxg7 Kxg7 38. Bb3 Rxe1+ 39. Qxe1 e5 40.
Qg3+ Rg6 41. Qh4 Qc7 42. h3 Qc1+ 43. Kh2 Qf4+ 44. Qxf4 exf4 45. Bd5 b6 46. Kg1
Kf6 47. Kf2 Rg5 48. Bc4 d5 49. Bd3 Ke5 0-1

[Event "DVM U16 2007"]
[Site "Uelzen GER"]
[Date "2007.12.29"]
[Round "6"]
[White "Nonhoff, Marko"]
[Black "Spisla, Dominik"]
[Result "1/2-1/2"]
[Termination "normal"]
[Board "7.4"]
[WhiteElo "1706"]
[BlackElo "1706"]
[WhiteTeam "SF Paderborn"]
[BlackTeam "Brackweder SK"]
[PlyCount "81"]
[WhiteFideId "4648269"]
[BlackFideId "24676306"]
[EventCountry "GER"]
[EventRounds "7"]
[EventType "team-swiss"]
[EventDate "2007.12.26"]

1. e4 c5 2. c3 d5 3. exd5 Qxd5 4. d4 Nf6 5. Nf3 Bg4 6. Be2 e6 7. O-O Be7 8. Be3
cxd4 9. cxd4 Nc6 10. Nc3 Qd6 11. a3 O-O 12. Qd2 Rfc8 13. b4 a6 14. Rfd1 Qd8 15.
h3 Bh5 16. d5 exd5 17. Nxd5 Nxd5 18. Qxd5 Qxd5 19. Rxd5 Bg6 20. Rd7 Rab8 21.
Bf4 Rd8 22. Rxe7 Nxe7 23. Bxb8 Rxb8 24. Rd1 Bf5 25. Ne5 Be6 26. Bf3 Kh8 27. Kf1
g6 28. g4 Kg7 29. Rd6 b6 30. Ke2 a5 31. b5 h5 32. gxh5 Bxh3 33. hxg6 fxg6 34.
Be4 Bf5 35. Bxf5 gxf5 36. Nd7 Re8 37. Kd3 Nc8 38. Rd4 Kf7 39. f4 Ke7 40. Ne5
Nd6 41. a4 1/2-1/2

[Event "DVM U16 2007"]
[Site "Uelzen GER"]
[Date "2007.12.29"]
[Round "6"]
[White "Butschek, Marc"]
[Black "Früchel, Marcel"]
[Result "0-1"]
[Termination "normal"]
[Board "8.2"]
[WhiteElo "1665"]
[BlackElo "1761"]
[WhiteTeam "SG Bochum"]
[BlackTeam "SF Deizisau"]
[PlyCount "102"]
[WhiteFideId "4630904"]
[BlackFideId "24667218"]
[EventCountry "GER"]
[EventRounds "7"]
[EventType "team-swiss"]
[EventDate "2007.12.26"]

1. e4 e6 2. d4 d5 3. e5 c5 4. c3 Nc6 5. Nf3 Qb6 6. Be2 Bd7 7. O-O Nge7 8. Qc2
cxd4 9. a4 dxc3 10. Nxc3 Ng6 11. Be3 Qd8 12. Nb5 Rc8 13. Nd6+ Bxd6 14. exd6 Nb4
15. Qd2 Nc2 16. Ra2 Nxe3 17. Qxe3 a6 18. b4 O-O 19. b5 axb5 20. axb5 b6 21. Ra6
Rc5 22. Nd4 e5 23. Nf3 d4 24. Qb3 Be6 25. Qa3 Qxd6 26. Nd2 Qd8 27. Ne4 Rc8 28.
Qd6 Qxd6 29. Nxd6 Rb8 30. Bf3 Ne7 31. Re1 f6 32. Rc1 Nc8 33. Nxc8 Rfxc8 34. Rc6
Bd7 35. Kf1 Bxc6 36. bxc6 Rc7 37. Ke2 f5 38. Bd5+ Kf8 39. f4 e4 40. g4 g6 41.
gxf5 gxf5 42. Ra4 Rd8 43. Rxd4 Rxc6 44. Bxe4 Re8 45. Rd6 Rxe4+ 46. Kf3 Rxd6 47.
h4 Rd3+ 48. Kf2 Ra4 49. h5 Ra2+ 50. Ke1 Rh3 51. h6 Rh1# 0-1

[Event "DVM U16 2007"]
[Site "Uelzen GER"]
[Date "2007.12.29"]
[Round "6"]
[White "Ryvkin, Leonid"]
[Black "Rothengaß, Marc"]
[Result "0-1"]
[Termination "normal"]
[Board "8.4"]
[WhiteElo "1231"]
[BlackElo "1485"]
[WhiteTeam "SG Bochum"]
[BlackTeam "SF Deizisau"]
[PlyCount "111"]
[BlackFideId "24659606"]
[EventCountry "GER"]
[EventRounds "7"]
[EventType "team-swiss"]
[EventDate "2007.12.26"]

1. e4 d5 2. exd5 Qxd5 3. Nc3 Qa5 4. d4 c6 5. Bd2 Qc7 6. Nf3 Nf6 7. h3 h6 8. Bd3
e6 9. Qe2 Be7 10. O-O-O Nbd7 11. Ne5 Nxe5 12. dxe5 Nd5 13. f4 Bd7 14. Rhf1
O-O-O 15. g4 Rde8 16. Nxd5 cxd5 17. f5 Bg5 18. Rde1 Bh4 19. Rd1 Bg5 20. fxe6
Bxd2+ 21. Rxd2 Bxe6 22. Rf3 Kb8 23. Bb5 Rc8 24. Rc3 Qe7 25. Qe3 Rxc3 26. Qxc3
Rc8 27. Qd4 Qc5 28. Qxc5 Rxc5 29. Bd3 d4 30. b3 Rxe5 31. Re2 Rxe2 32. Bxe2 Kc7
33. Kd2 Kd6 34. Kd3 Ke5 35. Bf3 b6 36. Be4 h5 37. Bf5 hxg4 38. Bxg4 Bxg4 39.
hxg4 f6 40. a4 a6 41. Kc4 f5 42. gxf5 Kxf5 43. Kxd4 Kf4 44. Kd5 g5 45. Kc6 g4
46. Kxb6 g3 47. c4 g2 48. Kxa6 g1=Q 49. b4 Qd4 50. Kb5 Qd7+ 51. Ka5 Ke4 52. c5
Kd4 53. b5 Kc4 54. b6 Qd2+ 55. Ka6 Qb4 56. Kb7 { Rest auf beiden
Partieformularen fehlerhaft} 0-1

[Event "DVM U16 2007"]
[Site "Uelzen GER"]
[Date "2007.12.29"]
[Round "6"]
[White "Wendling, Hannes"]
[Black "Meier, Lars"]
[Result "1/2-1/2"]
[Termination "normal"]
[Board "9.1"]
[WhiteElo "2146"]
[BlackElo "1864"]
[WhiteTeam "SV Empor Erfurt"]
[BlackTeam "SK Gründau"]
[PlyCount "53"]
[WhiteFideId "24624284"]
[BlackFideId "24602396"]
[EventCountry "GER"]
[EventRounds "7"]
[EventType "team-swiss"]
[EventDate "2007.12.26"]

1. e4 d5 2. exd5 Nf6 3. d4 Bg4 4. f3 Bf5 5. Bc4 Nxd5 6. Ne2 e6 7. O-O Nc6 8. a3
Bd6 9. Bd3 Qh4 10. g3 Qf6 11. c4 Bh3 12. cxd5 Bxf1 13. dxc6 Qxf3 14. Qxf1 Qxd3
15. cxb7 Rb8 16. Nbc3 O-O 17. Bf4 Bxf4 18. Qxf4 Rxb7 19. b4 Qa6 20. Qg4 Rxb4
21. Ne4 Rfb8 22. Nf6+ Kh8 23. Nh5 g6 24. Qe4 R4b5 25. Nf6 Rf5 26. Nd7 Qb7 27.
Qe3 1/2-1/2

[Event "DVM U16 2007"]
[Site "Uelzen GER"]
[Date "2007.12.29"]
[Round "6"]
[White "Tautz, Hendrik"]
[Black "Jacobi, Robin"]
[Result "0-1"]
[Termination "normal"]
[Board "9.2"]
[WhiteElo "1583"]
[BlackElo "1985"]
[WhiteTeam "SK Gründau"]
[BlackTeam "SV Empor Erfurt"]
[PlyCount "50"]
[WhiteFideId "4677536"]
[BlackFideId "24646962"]
[EventCountry "GER"]
[EventRounds "7"]
[EventType "team-swiss"]
[EventDate "2007.12.26"]

1. e4 c5 2. Nf3 Nc6 3. d4 cxd4 4. c3 d5 5. exd5 Qxd5 6. Be3 e5 7. cxd4 Bg4 8.
Nc3 Bb4 9. Be2 Qa5 10. Qc2 Nge7 11. Nxe5 Nxe5 12. dxe5 Bxe2 13. Kxe2 Qxe5 14.
a3 Ba5 15. Rad1 O-O 16. Rd4 Qh5+ 17. f3 Bxc3 18. Qxc3 Nf5 19. Rg4 Rfe8 20. Kf2
Rxe3 21. Rxg7+ Nxg7 22. Qxe3 Rc8 23. Rc1 Rxc1 24. Qxc1 Qh4+ 25. Kf1 Qd8 0-1

[Event "DVM U16 2007"]
[Site "Uelzen GER"]
[Date "2007.12.29"]
[Round "6"]
[White "Balßuweit, Michael"]
[Black "Hahn, Florian"]
[Result "1/2-1/2"]
[Termination "normal"]
[Board "9.3"]
[WhiteElo "1473"]
[BlackElo "1501"]
[WhiteTeam "SV Empor Erfurt"]
[BlackTeam "SK Gründau"]
[PlyCount "50"]
[BlackFideId "24659720"]
[EventCountry "GER"]
[EventRounds "7"]
[EventType "team-swiss"]
[EventDate "2007.12.26"]

1. e4 c5 2. Nf3 d6 3. d4 cxd4 4. Nxd4 Nf6 5. Nc3 a6 6. Be3 e5 7. Nb3 Be6 8. f3
Be7 9. Qd2 O-O 10. O-O-O a5 11. Qf2 Nbd7 12. Nb5 a4 13. Nd2 d5 14. exd5 Nxd5
15. Kb1 Rc8 16. a3 N7b6 17. Be2 Nxe3 18. Qxe3 Nd5 19. Qxe5 Bf6 20. Qd6 Ne3 21.
Rc1 Qa5 22. Ne4 Qd8 23. Nxf6+ Qxf6 24. Qd4 Qe7 25. Bd3 Nd5 1/2-1/2

[Event "DVM U16 2007"]
[Site "Uelzen GER"]
[Date "2007.12.29"]
[Round "6"]
[White "Felczer, David"]
[Black "König, Tobias Marius"]
[Result "0-1"]
[Termination "normal"]
[Board "9.4"]
[WhiteElo "1351"]
[BlackElo "1367"]
[WhiteTeam "SK Gründau"]
[BlackTeam "SV Empor Erfurt"]
[PlyCount "59"]
[WhiteFideId "24659738"]
[EventCountry "GER"]
[EventRounds "7"]
[EventType "team-swiss"]
[EventDate "2007.12.26"]

1. e4 d6 2. d4 Nf6 3. Nc3 g6 4. Nf3 Bg7 5. Be2 Nbd7 6. Be3 c6 7. h3 b5 8. d5
cxd5 9. exd5 b4 10. Nb1 O-O 11. O-O Nb6 12. Bxb6 Qxb6 13. Bc4 Bb7 14. Nbd2 Nxd5
15. Rb1 Rac8 16. Bb3 a5 17. Re1 e6 18. Bxd5 Bxd5 19. b3 Rc7 20. Re2 Rfc8 21.
Nf1 Qb7 22. N1h2 Rc3 23. Rd2 Bf8 24. Rc1 Bh6 25. Re2 Bxc1 26. Qxc1 Qa6 27. Qh6
Qxe2 28. Ng4 Rxf3 29. gxf3 Qxf3 30. Kf1 0-1

[Event "DVM U16 2007"]
[Site "Uelzen GER"]
[Date "2007.12.29"]
[Round "6"]
[White "Moshtael, Wesal"]
[Black "Meyer, Jens"]
[Result "1-0"]
[Termination "normal"]
[Board "10.1"]
[WhiteElo "2113"]
[BlackElo "1545"]
[WhiteTeam "SK Johanneum Eppendorf"]
[BlackTeam "SC Réti Heusweiler"]
[PlyCount "77"]
[WhiteFideId "24618551"]
[BlackFideId "4657993"]
[EventCountry "GER"]
[EventRounds "7"]
[EventType "team-swiss"]
[EventDate "2007.12.26"]

1. Nf3 Nf6 2. g3 g6 3. Bg2 Bg7 4. O-O O-O 5. d4 d6 6. c4 Nbd7 7. Nc3 c5 8. d5
Nb6 9. Nd2 Nfd7 10. Qc2 Ne5 11. b3 a6 12. Bb2 Bf5 13. e4 Bd7 14. f4 Ng4 15. Nd1
e5 16. h3 Nh6 17. fxe5 Bxe5 18. Bxe5 dxe5 19. Nf3 Qe7 20. Qd2 Kg7 21. Nc3 Nc8
22. d6 Nxd6 23. Rad1 Nxe4 24. Nxe4 Bc6 25. Nc3 e4 26. Ng5 e3 27. Qb2 Kg8 28.
Bxc6 bxc6 29. Nf3 Nf5 30. Ne2 Rad8 31. Nh2 Nd4 32. Rde1 Qe5 33. Kg2 Rfe8 34.
Ng4 Qe4+ 35. Kg1 Nf3+ 36. Rxf3 Qxf3 37. Rf1 Rd2 38. Nh6+ Kf8 39. Rxf3 1-0

[Event "DVM U16 2007"]
[Site "Uelzen GER"]
[Date "2007.12.29"]
[Round "6"]
[White "Wilhelm, Robin"]
[Black "Stellfeld, Tilman"]
[Result "1-0"]
[Termination "normal"]
[Board "10.2"]
[WhiteElo "1415"]
[BlackElo "1586"]
[WhiteTeam "SC Réti Heusweiler"]
[BlackTeam "SK Johanneum Eppendorf"]
[PlyCount "61"]
[WhiteFideId "4659627"]
[BlackFideId "24651311"]
[EventCountry "GER"]
[EventRounds "7"]
[EventType "team-swiss"]
[EventDate "2007.12.26"]

1. e4 c5 2. Nf3 e6 3. d4 cxd4 4. Nxd4 a6 5. Nc3 b5 6. a3 Bb7 7. Bd3 Qc7 8. Be3
Nf6 9. Nf3 b4 10. axb4 Bxb4 11. Bd2 Bxc3 12. Bxc3 Nxe4 13. Bxg7 Rg8 14. Be5 d6
15. Bxe4 dxe5 16. Bxb7 Qxb7 17. O-O Nd7 18. Qe2 Nc5 19. Kh1 e4 20. Nh4 Rd8 21.
Qe3 Rd5 22. b4 Qxb4 23. Rfb1 Qc4 24. Rb8+ Rd8 25. Rxd8+ Kxd8 26. Rd1+ Ke7 27.
Qd2 Qb5 28. Qd6+ Kf6 29. Qf4+ Ke7 30. Nf5+ exf5 31. Qd6+ 1-0

[Event "DVM U16 2007"]
[Site "Uelzen GER"]
[Date "2007.12.29"]
[Round "6"]
[White "Rabinovitch, Alexej"]
[Black "Wilhelm, Kevin"]
[Result "1-0"]
[Termination "normal"]
[Board "10.3"]
[WhiteElo "1674"]
[BlackElo "1187"]
[WhiteTeam "SK Johanneum Eppendorf"]
[BlackTeam "SC Réti Heusweiler"]
[PlyCount "43"]
[WhiteFideId "12921696"]
[EventCountry "GER"]
[EventRounds "7"]
[EventType "team-swiss"]
[EventDate "2007.12.26"]

1. Nc3 d6 2. Nf3 g6 3. e4 Nc6 4. Bc4 Bg7 5. d4 Bg4 6. Bxf7+ Kxf7 7. Ng5+ Ke8 8.
Qxg4 Nxd4 9. Nd5 Nf6 10. Qd1 e5 11. c3 Nxd5 12. exd5 Nf5 13. Ne6 Qd7 14. O-O c6
15. f4 Bh6 16. Re1 cxd5 17. Qxd5 Ke7 18. fxe5 dxe5 19. Qxe5 Kf7 20. Bxh6 Nxh6
21. Rad1 Qc6 22. Qg7+ 1-0

[Event "DVM U16 2007"]
[Site "Uelzen GER"]
[Date "2007.12.29"]
[Round "6"]
[White "Meiser, Michael"]
[Black "Von Kügelgen, Julius"]
[Result "1-0"]
[Termination "normal"]
[Board "10.4"]
[WhiteElo "1451"]
[BlackElo "1532"]
[WhiteTeam "SC Réti Heusweiler"]
[BlackTeam "SK Johanneum Eppendorf"]
[PlyCount "87"]
[WhiteFideId "24659762"]
[BlackFideId "24657468"]
[EventCountry "GER"]
[EventRounds "7"]
[EventType "team-swiss"]
[EventDate "2007.12.26"]

1. e4 c5 2. Nf3 d6 3. c3 Nf6 4. Be2 Nc6 5. d4 Bg4 6. d5 Bxf3 7. Bxf3 Ne5 8. O-O
g6 9. Be2 Bg7 10. Qa4+ Ned7 11. Bf4 O-O 12. Nd2 a6 13. Qc2 b5 14. Nf3 Qc7 15.
Rad1 Rfb8 16. Rfe1 Ng4 17. Qd2 Nge5 18. Nxe5 Nxe5 19. Bg3 a5 20. f4 Nd7 21. Bg4
Rd8 22. Bxd7 Qxd7 23. e5 f5 24. Bh4 Re8 25. Re2 Kf8 26. h3 Rad8 27. e6 Qb7 28.
g4 b4 29. c4 b3 30. a3 Qa7 31. gxf5 gxf5 32. Qd3 Kg8 33. Qxf5 Kh8 34. Rg2 Rg8
35. Kh1 Rdf8 36. Qe4 Qc7 37. Rf1 Qd8 38. Qe1 a4 39. Bg5 Bf6 40. Rfg1 Bxg5 41.
fxg5 Rf3 42. Qh4 Qf8 43. g6 h6 44. g7+ 1-0

[Event "DVM U16 2007"]
[Site "Uelzen GER"]
[Date "2007.12.30"]
[Round "7"]
[White "Jorczik, Julian"]
[Black "Zelbel, Patrick"]
[Result "1-0"]
[Termination "normal"]
[Board "1.1"]
[WhiteTitle "FM"]
[WhiteElo "2362"]
[BlackElo "2227"]
[WhiteTeam "SK München Südost"]
[BlackTeam "SF Brackel"]
[PlyCount "67"]
[WhiteFideId "24611719"]
[BlackFideId "24624322"]
[EventCountry "GER"]
[EventRounds "7"]
[EventType "team-swiss"]
[EventDate "2007.12.26"]

1. d4 Nf6 2. c4 g6 3. Nc3 Bg7 4. e4 d6 5. Be2 O-O 6. Bg5 Na6 7. f4 c6 8. Nf3
Nc7 9. Bh4 b5 10. e5 Ng4 11. Qd2 dxe5 12. Nxe5 Nxe5 13. dxe5 Qxd2+ 14. Kxd2 b4
15. Na4 f6 16. Bf3 Bd7 17. Nc5 Rad8 18. Ke3 fxe5 19. fxe5 Bh6+ 20. Ke2 Be6 21.
b3 Rf5 22. Nd3 Rxd3 23. Kxd3 Rxe5 24. Rae1 Bf5+ 25. Be4 Rxe4 26. Rxe4 Ne6 27.
Bxe7 Kf7 28. Bxb4 c5 29. Bd2 Bxe4+ 30. Kxe4 Bxd2 31. Rd1 Bc3 32. Rd7+ Kf6 33.
Rxa7 Be5 34. Ra6 1-0

[Event "DVM U16 2007"]
[Site "Uelzen GER"]
[Date "2007.12.30"]
[Round "7"]
[White "Strathoff, Jens"]
[Black "Raykhman, Alexander"]
[Result "1/2-1/2"]
[Termination "normal"]
[Board "1.2"]
[WhiteElo "2031"]
[BlackElo "2073"]
[WhiteTeam "SF Brackel"]
[BlackTeam "SK München Südost"]
[PlyCount "91"]
[WhiteFideId "4699084"]
[BlackFideId "24637033"]
[EventCountry "GER"]
[EventRounds "7"]
[EventType "team-swiss"]
[EventDate "2007.12.26"]

1. e4 c5 2. c4 Nc6 3. Ne2 e6 4. d4 cxd4 5. Nxd4 Nf6 6. Nc3 d6 7. Be2 Be7 8. O-O
a6 9. Be3 O-O 10. Qd2 Qc7 11. f3 Ne5 12. Rac1 b6 13. Rfd1 Bb7 14. a3 Rac8 15.
b4 Qb8 16. Na4 Ned7 17. Nb2 Bd8 18. Kh1 Bc7 19. Bg1 Rfe8 20. Nd3 h6 21. Bf1
Red8 22. Qf2 Nh7 23. Rc2 Ne5 24. Rdc1 Nxd3 25. Bxd3 Nf8 26. Bf1 Ng6 27. Ne2 Ne5
28. Ng3 Ng6 29. Bd3 Nf4 30. Qd2 Nxd3 31. Qxd3 d5 32. exd5 Bxg3 33. hxg3 b5 34.
Qe2 bxc4 35. dxe6 Bd5 36. e7 Re8 37. g4 h5 38. gxh5 Qg3 39. Bh2 Qg5 40. Qe5
Qxe5 41. Bxe5 Rxe7 42. Bf4 f6 43. Kg1 Bf7 44. Kf2 Rd7 45. Rc3 Kh7 46. g4
1/2-1/2

[Event "DVM U16 2007"]
[Site "Uelzen GER"]
[Date "2007.12.30"]
[Round "7"]
[White "Höfelsauer, Thomas"]
[Black "Kartsev, Alexandr"]
[Result "1-0"]
[Termination "normal"]
[Board "1.3"]
[WhiteElo "2019"]
[BlackElo "1989"]
[WhiteTeam "SK München Südost"]
[BlackTeam "SF Brackel"]
[PlyCount "95"]
[WhiteFideId "24668842"]
[BlackFideId "24647110"]
[EventCountry "GER"]
[EventRounds "7"]
[EventType "team-swiss"]
[EventDate "2007.12.26"]

1. e4 c5 2. Nf3 d6 3. d4 cxd4 4. Nxd4 Nf6 5. f3 a6 6. c4 e6 7. Be3 b6 8. Nc3
Bb7 9. Be2 Be7 10. O-O O-O 11. Qd2 Nbd7 12. a4 Rc8 13. a5 bxa5 14. Nb3 Qc7 15.
Nxa5 Rfd8 16. Nxb7 Qxb7 17. b4 Ne5 18. b5 Nxc4 19. Bxc4 Rxc4 20. bxa6 Qc6 21.
a7 Ra8 22. Rfc1 d5 23. Na4 Nd7 24. Rxc4 Qxc4 25. Qc1 Qd3 26. Bf2 dxe4 27. Qc6
Qd5 28. Qxd5 exd5 29. fxe4 dxe4 30. Rb1 Kf8 31. Rb7 Ke8 32. Rxd7 Rc8 33. Rd1
Ra8 34. Rb1 Bd6 35. Rb7 f5 36. Nb6 Rd8 37. a8=Q Rxa8 38. Nxa8 Be5 39. Nb6 Bc3
40. Nd5 Bd2 41. Re7+ Kf8 42. Bc5 Kg8 43. g3 h5 44. Nf4 h4 45. Bd4 hxg3 46. hxg3
Kf8 47. Ng6+ Kg8 48. Rxg7# 1-0

[Event "DVM U16 2007"]
[Site "Uelzen GER"]
[Date "2007.12.30"]
[Round "7"]
[White "Haidar, Marcel"]
[Black "Collmer, Dominik"]
[Result "1-0"]
[Termination "normal"]
[Board "1.4"]
[WhiteElo "1599"]
[BlackElo "1714"]
[WhiteTeam "SF Brackel"]
[BlackTeam "SK München Südost"]
[PlyCount "79"]
[BlackFideId "4620763"]
[EventCountry "GER"]
[EventRounds "7"]
[EventType "team-swiss"]
[EventDate "2007.12.26"]

1. e4 c5 2. c3 Nf6 3. e5 Nd5 4. d4 cxd4 5. Qxd4 e6 6. Nf3 a6 7. Nbd2 d6 8. exd6
Bxd6 9. Nc4 Bf8 10. Bd3 Nc6 11. Qe4 Nf6 12. Qe2 Bc5 13. Bf4 O-O 14. O-O Qe7 15.
b4 Nxb4 16. cxb4 Bxb4 17. Nb6 Ra7 18. Bb8 Ra8 19. Nxa8 Bd7 20. Nb6 Rxb8 21.
Nxd7 Qxd7 22. Rfd1 Qe7 23. Be4 b5 24. Rac1 Bc5 25. Nd4 Qf8 26. Nc6 Rc8 27. Qc2
Nxe4 28. Qxe4 g6 29. Ne5 Qh6 30. Rc2 Rc7 31. Rdc1 Qh5 32. g4 Bxf2+ 33. Kxf2
Qxh2+ 34. Kf1 Qh3+ 35. Qg2 Rxc2 36. Rxc2 Qe3 37. Re2 Qc1+ 38. Re1 Qg5 39. Qf3
f6 40. Qa8+ 1-0

[Event "DVM U16 2007"]
[Site "Uelzen GER"]
[Date "2007.12.30"]
[Round "7"]
[White "Kaphle, Stephan"]
[Black "Seyb, Alexander"]
[Result "1/2-1/2"]
[Termination "normal"]
[Board "2.1"]
[WhiteElo "2147"]
[BlackElo "2235"]
[WhiteTeam "Post SV Uelzen"]
[BlackTeam "FSV Großenseebach"]
[PlyCount "87"]
[WhiteFideId "24629103"]
[BlackFideId "4699033"]
[EventCountry "GER"]
[EventRounds "7"]
[EventType "team-swiss"]
[EventDate "2007.12.26"]

1. e4 c5 2. Nf3 d6 3. d4 cxd4 4. Nxd4 Nf6 5. Nc3 a6 6. f4 e5 7. Nf3 Nbd7 8. Bd3
Be7 9. a4 O-O 10. O-O exf4 11. Kh1 Ne5 12. Bxf4 Bg4 13. Qd2 Rc8 14. Be3 Nxd3
15. Qxd3 Qc7 16. Nd4 Qc4 17. Nf5 Bxf5 18. Rxf5 Qxd3 19. cxd3 Ng4 20. Nd5 Nxe3
21. Nxe7+ Kh8 22. Nxc8 Nxf5 23. Rc1 Nh6 24. Nxd6 Rd8 25. e5 g6 26. Rc8 Rxc8 27.
Nxc8 Kg7 28. Nd6 b6 29. Kg1 Kf8 30. h3 Ke7 31. Kf2 Ke6 32. Nc4 b5 33. axb5 axb5
34. Na3 b4 35. Nc2 b3 36. Nd4+ Kxe5 37. Nxb3 Nf5 38. Nd2 Kd4 39. Nf3+ Kxd3 40.
Ne5+ Kc2 41. Nxf7 Kxb2 42. Ng5 Kc3 43. Nxh7 Kd4 44. g4 1/2-1/2

[Event "DVM U16 2007"]
[Site "Uelzen GER"]
[Date "2007.12.30"]
[Round "7"]
[White "Linsenmeyer, Mario"]
[Black "Seemann, Semjon"]
[Result "1/2-1/2"]
[Termination "normal"]
[Board "2.2"]
[WhiteElo "2097"]
[BlackElo "2045"]
[WhiteTeam "FSV Großenseebach"]
[BlackTeam "Post SV Uelzen"]
[PlyCount "68"]
[WhiteFideId "24635138"]
[BlackFideId "24624080"]
[EventCountry "GER"]
[EventRounds "7"]
[EventType "team-swiss"]
[EventDate "2007.12.26"]

1. e4 c5 2. Nc3 Nc6 3. Nf3 e5 4. Bc4 Be7 5. d3 d6 6. Nd2 Nf6 7. Nf1 Be6 8. Ne3
O-O 9. O-O Nd4 10. a4 Nd7 11. Ncd5 Bg5 12. c3 Nc6 13. g3 Bh3 14. Re1 Nf6 15.
Qf3 Be6 16. Nxf6+ Bxf6 17. Nd5 Na5 18. Ba2 Be7 19. Be3 b6 20. Qe2 Kh8 21. f4
exf4 22. Bxf4 Nc6 23. Rf1 Qd7 24. Qd2 f5 25. Rae1 Rae8 26. Nxe7 Rxe7 27. Bxe6
Rxe6 28. exf5 Rxf5 29. Rxe6 Qxe6 30. Re1 Ne5 31. Re3 g5 32. Bxe5+ Rxe5 33. Kf2
Kg7 34. Rf3 Rf5 1/2-1/2

[Event "DVM U16 2007"]
[Site "Uelzen GER"]
[Date "2007.12.30"]
[Round "7"]
[White "Kaphle, Sebastian"]
[Black "Kirch, Florian"]
[Result "1-0"]
[Termination "normal"]
[Board "2.3"]
[WhiteElo "2086"]
[BlackElo "1976"]
[WhiteTeam "Post SV Uelzen"]
[BlackTeam "FSV Großenseebach"]
[PlyCount "69"]
[WhiteFideId "24626708"]
[BlackFideId "24605794"]
[EventCountry "GER"]
[EventRounds "7"]
[EventType "team-swiss"]
[EventDate "2007.12.26"]

1. e4 Nf6 2. e5 Nd5 3. c4 Nb6 4. d4 d6 5. exd6 exd6 6. Nc3 Be7 7. Be3 Nc6 8.
Rc1 Bf6 9. Be2 O-O 10. b3 Re8 11. Nf3 Bg4 12. O-O d5 13. c5 Nc8 14. h3 Bh5 15.
Qd2 h6 16. Ne5 Nxd4 17. Bxh5 Rxe5 18. Bxf7+ Kxf7 19. Bxd4 Rg5 20. Bxf6 gxf6 21.
f4 Rg7 22. f5 Ne7 23. Qxh6 d4 24. Ne2 d3 25. Nf4 Qd4+ 26. Kh1 Qb2 27. Rg1 Qxa2
28. Rce1 Nxf5 29. Qh5+ Kg8 30. Qxf5 Qxb3 31. Nh5 Rf7 32. Nxf6+ Kf8 33. Nd7+ Kg7
34. Qg5+ Kh8 35. Re4 1-0

[Event "DVM U16 2007"]
[Site "Uelzen GER"]
[Date "2007.12.30"]
[Round "7"]
[White "Quaschner, Tobias"]
[Black "Günnigmann, Manuel"]
[Result "0-1"]
[Termination "normal"]
[Board "2.4"]
[WhiteElo "1956"]
[BlackElo "1945"]
[WhiteTeam "FSV Großenseebach"]
[BlackTeam "Post SV Uelzen"]
[PlyCount "74"]
[WhiteFideId "24646989"]
[BlackFideId "24640360"]
[EventCountry "GER"]
[EventRounds "7"]
[EventType "team-swiss"]
[EventDate "2007.12.26"]

1. e4 c5 2. d3 Nc6 3. Nc3 g6 4. Be3 d6 5. d4 cxd4 6. Bxd4 Nxd4 7. Qxd4 e5 8.
Bb5+ Bd7 9. Qd3 Nf6 10. O-O-O Be7 11. f3 Bc6 12. Nge2 Rc8 13. Kb1 Qc7 14. Nd5
Nxd5 15. exd5 Bxb5 16. Qxb5+ Qd7 17. Qxd7+ Kxd7 18. Rd3 Rc5 19. Rhd1 Rhc8 20.
Rc3 f5 21. a3 Bf6 22. Rxc5 Rxc5 23. Rd3 Rc4 24. b3 Rh4 25. h3 e4 26. fxe4 Rxe4
27. Nc3 Re1+ 28. Kb2 Re2 29. g3 Rg2 30. b4 Be5 31. Kb3 Rxg3 32. Rxg3 Bxg3 33.
Ne2 Be5 34. Kc4 Kc7 35. Kd3 b5 36. c4 Kb6 37. Nd4 bxc4+ 0-1